| 000 | 00456cam a22001934a 4500 | ||
|---|---|---|---|
| 005 | 20250605164313.0 | ||
| 008 | 250528s ||||||||||||||||||||||||d | ||
| 035 | _a22604 | ||
| 020 | _a9780582436060 | ||
| 040 |
_aGR-AtMCL _bgre _dGR-AtMCL _eAACR2 |
||
| 245 | 1 | _aBUSINESS CLASS TEACHER'S BOOK | |
| 250 | _a1 | ||
| 260 |
_bLongman, _c2000 |
||
| 300 | _a64 | ||
| 700 | 1 |
_aThompson Steve _98371 |
|
| 942 | _cBK | ||
| 999 |
_c7652 _d7652 |
||